[Event "Open Sport & Cultura A"]
[Site "Milano ITA"]
[Date "2010.02.12"]
[Round "1"]
[White "Lipari, Alberto"]
[Black "Reale, Simone"]
[Result "0-1"]
[WhiteElo "1609"]
[BlackElo "1868"]
[PlyCount "120"]
[EventDate "2010.02.12"]

1. c4 Nf6 2. d4 g6 3. Bf4 c5 4. e3 Bg7 5. Nf3 O-O 6. Nc3 d5 7. Nb5 Na6 8. Qb3
Be6 9. Rc1 Nh5 10. Bg3 Nxg3 11. fxg3 Qa5+ 12. Nc3 dxc4 13. Bxc4 Bxc4 14. Qxc4
cxd4 15. exd4 Rac8 16. Qe2 Rfd8 17. O-O e6 18. Qf2 Qf5 19. Qe3 Qg4 20. Ne5 Bxe5
21. dxe5 Qd4 22. Rce1 Nc5 23. Rf4 Qxe3+ 24. Rxe3 Nd3 25. Ra4 a6 26. Re2 b5 27.
Rae4 b4 28. Nd1 Nc5 29. Nf2 Nxe4 30. Nxe4 Rc1+ 31. Kf2 Rdc8 32. Kf3 R8c2 33.
Nf6+ Kg7 34. Re4 Rf1+ 35. Kg4 h5+ 36. Kh3 Rff2 37. Kh4 Rxg2 38. Rxb4 Rxb2 39.
Rd4 Rxh2+ 40. Kg5 Rbf2 41. Ne8+ Kf8 42. Nd6 h4 43. g4 Rxa2 44. Kh6 Rhd2 45. Rf4
Rf2 46. Rc4 Ke7 47. Rc7+ Kd8 48. Rc8+ Kd7 49. Kg7 h3 50. Rc1 h2 51. Rd1 Kc6 52.
Nxf7 Rad2 53. Rc1+ Kd5 54. Ng5 Rg2 55. Nf3 Rdf2 56. Rd1+ Ke4 57. Ng5+ Kxe5 58.
Re1+ Re2 59. Nf3+ Kf4 60. Rf1 Ref2 0-1

[Event "Open Sport & Cultura A"]
[Site "Milano ITA"]
[Date "2010.02.12"]
[Round "1"]
[White "Lovati, Emilio"]
[Black "Miglioli, Luca"]
[Result "0-1"]
[WhiteElo "1374"]
[BlackElo "1780"]
[PlyCount "62"]
[EventDate "2010.02.12"]

1. e4 e6 2. d4 d5 3. e5 c5 4. c3 Nc6 5. Nf3 Qb6 6. Bd3 Bd7 7. Be2 cxd4 8. cxd4
Bb4+ 9. Nc3 Nge7 10. O-O Nf5 11. Be3 Rc8 12. a3 Nxe3 13. fxe3 Be7 14. Qd2 Na5
15. Bd1 Nc4 16. Qf2 Qxb2 17. Qxb2 Nxb2 18. Rb1 Bxa3 19. Ne2 Bb5 20. Ra1 Nxd1
21. Rxa3 Bxe2 22. Re1 Bxf3 23. gxf3 Nb2 24. Rxa7 O-O 25. Rb1 Nc4 26. Rbxb7 Nxe3
27. Kf2 Nf5 28. Rb4 h6 29. Kg2 Rc2+ 30. Kh3 Rd2 31. Raa4 h5 0-1

[Event "Open Sport & Cultura A"]
[Site "Milano ITA"]
[Date "2010.02.12"]
[Round "1"]
[White "Madaschi, Sergio"]
[Black "Bracci, Andrea"]
[Result "0-1"]
[WhiteElo "1587"]
[BlackElo "1827"]
[PlyCount "102"]
[EventDate "2010.02.12"]

1. d4 Nf6 2. c4 e6 3. Nf3 d5 4. e3 Be7 5. Nc3 O-O 6. Bd3 dxc4 7. Bxc4 a6 8. a4
c5 9. O-O cxd4 10. exd4 Nbd7 11. Bf4 Nb6 12. Be2 Nbd5 13. Bd2 Bd7 14. Re1 Rc8
15. Ne5 Bc6 16. Bf3 Nxc3 17. bxc3 Bxf3 18. Qxf3 Qd5 19. Qd3 Rfd8 20. Be3 Qxe5
21. dxe5 Rxd3 22. exf6 Bxf6 23. Rab1 Rc7 24. Bf4 Rcd7 25. h3 g5 26. Be5 Bxe5
27. Rxe5 Rd1+ 28. Rxd1 Rxd1+ 29. Kh2 Rd5 30. Rxd5 exd5 31. Kg3 b5 32. axb5 axb5
33. Kf3 f5 34. Ke3 Kf7 35. Kd4 Ke6 36. Kc5 h5 37. Kxb5 f4 38. Kc5 Ke5 39. f3 h4
40. Kc6 d4 41. cxd4+ Kxd4 42. Kd6 Ke3 43. Ke5 Kf2 44. Kf5 Kxg2 45. Kxg5 Kxf3
46. Kxh4 Ke3 47. Kg5 f3 48. h4 f2 49. h5 f1=Q 50. h6 Qf8 51. h7 Qg7+ 0-1

[Event "Open Sport & Cultura A"]
[Site "Milano ITA"]
[Date "2010.02.12"]
[Round "1"]
[White "Manini, Paolo"]
[Black "Ruscitto, Mauro"]
[Result "1-0"]
[WhiteElo "1788"]
[BlackElo "1386"]
[PlyCount "83"]
[EventDate "2010.02.12"]

1. d4 Nf6 2. c4 e6 3. Nc3 b6 4. e4 Bb7 5. Bd3 Bb4 6. Qc2 O-O 7. Nge2 d5 8. cxd5
exd5 9. e5 Ne4 10. O-O Bxc3 11. bxc3 g6 12. f3 Ng5 13. Ng3 Ne6 14. Bh6 Re8 15.
f4 Bc8 16. f5 Ng7 17. Bxg7 Kxg7 18. f6+ Kg8 19. Qd2 Re6 20. Qh6 Qf8 21. Qh4 c5
22. Rf3 c4 23. Bc2 b5 24. Nf5 Rb6 25. Ne7+ Kh8 26. Nxc8 Qxc8 27. Raf1 Nd7 28.
Rh3 Qg8 29. Qe1 Nf8 30. Rf4 a5 31. a3 Rab8 32. Rg3 b4 33. axb4 axb4 34. cxb4
Rxb4 35. h4 Ne6 36. Rfg4 h5 37. Rxg6 fxg6 38. Rxg6 Qxg6 39. Bxg6 Nf4 40. Qe3
Nxg6 41. Qh6+ Kg8 42. Qg7# 1-0

[Event "Open Sport & Cultura A"]
[Site "Milano ITA"]
[Date "2010.02.12"]
[Round "1"]
[White "Martinez, Rolly"]
[Black "Necchi, Flavio"]
[Result "1-0"]
[WhiteElo "2423"]
[BlackElo "1766"]
[PlyCount "61"]
[EventDate "2010.02.12"]

1. e4 c5 2. Nf3 d6 3. d4 cxd4 4. Qxd4 Nc6 5. Bb5 Bd7 6. Bxc6 Bxc6 7. Nc3 e5 8.
Qd3 Nf6 9. Bg5 Be7 10. O-O-O Ng4 11. Bxe7 Qxe7 12. Rd2 Rd8 13. h3 Nf6 14. g4 d5
15. exd5 Nxd5 16. Re1 f6 17. Nxd5 Rxd5 18. Qe3 Ra5 19. a3 O-O 20. Nd4 Ba4 21.
Qd3 Rc8 22. Nf5 Qc7 23. Re4 Bc6 24. Qc4+ Kh8 25. Nd6 Bd5 26. Rxd5 Rxd5 27. Nxc8
Rc5 28. Qe2 Qxc8 29. f4 Qe6 30. Kb1 Qc6 31. fxe5 1-0

[Event "Open Sport & Cultura A"]
[Site "Milano ITA"]
[Date "2010.02.12"]
[Round "1"]
[White "Olivieri, Alessandro"]
[Black "Pili, Giangiuseppe"]
[Result "1-0"]
[WhiteElo "1936"]
[BlackElo "1669"]
[PlyCount "117"]
[EventDate "2010.02.12"]

1. d4 Nf6 2. c4 e6 3. Nc3 Bb4 4. e3 b6 5. Bd3 Bb7 6. f3 Nh5 7. g3 O-O 8. Nh3 f5
9. O-O Nf6 10. Qe2 Qe8 11. e4 fxe4 12. fxe4 e5 13. Bg5 Qe6 14. Rf5 d6 15. Nd5
Nc6 16. Nxb4 Nxb4 17. d5 Qe7 18. Kg2 Bc8 19. Rf2 Bg4 20. Qxg4 Nxg4 21. Bxe7
Rxf2+ 22. Nxf2 Nxf2 23. Bb1 Ng4 24. a3 Na6 25. Bg5 h6 26. Bc1 Nc5 27. Bc2 Rf8
28. b4 Rf2+ 29. Kg1 Rxc2 30. bxc5 Rxh2 31. cxb6 axb6 32. c5 dxc5 33. Rb1 Re2
34. Kf1 Rxe4 35. d6 cxd6 36. Rxb6 Rd4 37. Bb2 Rd3 38. a4 c4 39. Ke2 Rd5 40. Bc3
Nf6 41. a5 Ne4 42. Be1 Rc5 43. a6 Rc7 44. Rb7 Rc6 45. a7 Ra6 46. Rb8+ Kf7 47.
a8=Q Rxa8 48. Rxa8 c3 49. Kd3 d5 50. Bxc3 Nxc3 51. Kxc3 Kf6 52. Kd3 Kg5 53. Ke3
Kg4 54. Kf2 g5 55. Ra5 h5 56. Rxd5 Kf5 57. Kf3 h4 58. g4+ Ke6 59. Ke4 1-0

[Event "Open Sport & Cultura A"]
[Site "Milano ITA"]
[Date "2010.02.12"]
[Round "1"]
[White "Penna, Tommaso"]
[Black "Curtacci, Sergio"]
[Result "0-1"]
[WhiteElo "1707"]
[BlackElo "1974"]
[PlyCount "56"]
[EventDate "2010.02.12"]

1. d4 e6 2. Nf3 d6 3. e4 Nd7 4. Bd3 g6 5. Bg5 Ne7 6. O-O Bg7 7. Re1 b6 8. c3
Bb7 9. Nbd2 h6 10. Bf4 O-O 11. Nc4 a6 12. e5 d5 13. Ncd2 c5 14. Rc1 b5 15. a4
Qb6 16. b4 cxb4 17. cxb4 Nc6 18. Nb3 Nxb4 19. Nc5 Nxd3 20. Nxd7 Qd8 21. Qxd3
Qxd7 22. axb5 axb5 23. Rc5 Ba6 24. Nd2 b4 25. Qb3 Rfb8 26. Nf1 Bc4 27. Rxc4
dxc4 28. Qxc4 b3 0-1

[Event "Open Sport & Cultura A"]
[Site "Milano ITA"]
[Date "2010.02.12"]
[Round "1"]
[White "Petetta, Roberto"]
[Black "Martelli, Tommaso"]
[Result "1-0"]
[WhiteElo "1649"]
[BlackElo "1900"]
[PlyCount "67"]
[EventDate "2010.02.12"]

1. e4 e5 2. f4 d5 3. exd5 exf4 4. Nf3 Be7 5. Bb5+ Bd7 6. Bxd7+ Nxd7 7. O-O Nb6
8. c4 Nf6 9. d3 Nh5 10. Ne5 g6 11. b3 f6 12. Nf3 Qd7 13. Kh1 O-O-O 14. Nd4 g5
15. Qxh5 Rde8 16. Bb2 c6 17. dxc6 bxc6 18. Qf3 Kb7 19. Ne2 Bd8 20. Nbc3 Rhg8
21. Ne4 Kb8 22. Rad1 f5 23. Nc5 Qd6 24. d4 Re3 25. Qf2 Rge8 26. Nc3 Nd7 27.
Nxd7+ Qxd7 28. d5 Bb6 29. Qc2 f3 30. Rxf3 Re1+ 31. Rf1 Qe7 32. Qxf5 Re5 33. Qf6
Qc5 34. Na4 1-0

[Event "Open Sport & Cultura A"]
[Site "Milano ITA"]
[Date "2010.02.12"]
[Round "1"]
[White "Ramella, Stefano"]
[Black "Turov, Maxim"]
[Result "0-1"]
[WhiteElo "1775"]
[BlackElo "2584"]
[PlyCount "60"]
[EventDate "2010.02.12"]

1. e4 c6 2. d4 d5 3. Nd2 dxe4 4. Nxe4 Nf6 5. Nxf6+ gxf6 6. Bf4 Qb6 7. Rb1 Bf5
8. Nf3 Qa5+ 9. Bd2 Qxa2 10. Be2 e6 11. O-O Rg8 12. Re1 Qd5 13. Kh1 Bd6 14. c4
Qe4 15. Rc1 Qg4 16. Bf1 Be4 17. d5 Nd7 18. dxe6 fxe6 19. Rc3 f5 20. Be3 Bxf3
21. Qxf3 Qxf3 22. gxf3 Bb4 23. Bd4 Bxc3 24. Bxc3 Kf7 25. b4 Nf6 26. c5 Nd5 27.
Bd2 b6 28. Bc4 bxc5 29. bxc5 a5 30. Bxd5 cxd5 0-1

[Event "Open Sport & Cultura A"]
[Site "Milano ITA"]
[Date "2010.02.12"]
[Round "1"]
[White "Rizzi, Domenico"]
[Black "Kimbin, Richard Conrod"]
[Result "1/2-1/2"]
[WhiteElo "1659"]
[BlackElo "1934"]
[PlyCount "121"]
[EventDate "2010.02.12"]

1. e4 c5 2. Nf3 d6 3. d4 cxd4 4. Nxd4 Nf6 5. Nc3 g6 6. f3 Bg7 7. Be3 Nc6 8. Qd2
Bd7 9. O-O-O O-O 10. Bh6 Nxd4 11. Bxg7 Nxf3 12. gxf3 Kxg7 13. h4 Qa5 14. Be2 h5
15. Rdg1 Rac8 16. Kb1 a6 17. Rg5 Rc5 18. f4 Bg4 19. Bxg4 Nxg4 20. Qd4+ e5 21.
Qxd6 Rd8 22. Qe7 Rxc3 23. f5 Rc6 24. fxg6 Rxg6 25. Rxg6+ Kxg6 26. Qg5+ Kh7 27.
Rf1 Nh6 28. Qxh5 Rd7 29. Qg5 Qd2 30. Qg1 Qd4 31. Qh1 Ng4 32. Qf3 Ne3 33. Qh5+
Kg8 34. Rg1+ Kf8 35. Qh6+ Ke7 36. Qg5+ Kd6 37. a3 Qxe4 38. Rc1 Kc7 39. Qg1 Rd2
40. Qg7 Rd7 41. Qg1 Kb8 42. Qg8+ Ka7 43. Qc8 Qc6 44. Qxc6 bxc6 45. Re1 Rd1+ 46.
Rxd1 Nxd1 47. h5 e4 48. h6 e3 49. h7 e2 50. h8=Q e1=Q 51. Qd4+ Kb7 52. Qd7+ Kb6
53. Qd4+ Kc7 54. Qa7+ Kd6 55. Qb8+ Ke7 56. Qc7+ Kf8 57. Qd8+ Kg7 58. Qg5+ Kh8
59. Qh6+ Kg8 60. Qg5+ Kf8 61. Qd8+ 1/2-1/2

[Event "Open Sport & Cultura A"]
[Site "Milano ITA"]
[Date "2010.02.12"]
[Round "1"]
[White "Sanchez, Joseph"]
[Black "Alidosi, Marco"]
[Result "1-0"]
[WhiteElo "2490"]
[BlackElo "1774"]
[PlyCount "57"]
[EventDate "2010.02.12"]

1. e4 e6 2. d4 d5 3. Nc3 Bb4 4. e5 c5 5. a3 Bxc3+ 6. bxc3 Qc7 7. Qg4 f5 8. Qg3
Nc6 9. Bb5 cxd4 10. Ne2 Qf7 11. cxd4 Nge7 12. O-O Bd7 13. Rb1 a6 14. Bd3 b5 15.
a4 b4 16. Bd2 a5 17. c3 bxc3 18. Nxc3 O-O 19. Nb5 Rfb8 20. Rfc1 Qf8 21. h4 Nc8
22. h5 Nb4 23. Rc7 Nb6 24. Nd6 Kh8 25. Bxb4 axb4 26. Rxb4 Bxa4 27. Nf7+ Kg8 28.
Nh6+ Kh8 29. Rf7 1-0

[Event "Open Sport & Cultura A"]
[Site "Milano ITA"]
[Date "2010.02.12"]
[Round "1"]
[White "Travaglini, Renzo"]
[Black "Colombo, Luca"]
[Result "0-1"]
[WhiteElo "1622"]
[BlackElo "1874"]
[PlyCount "90"]
[EventDate "2010.02.12"]

1. e4 c5 2. Nf3 d6 3. c3 Nc6 4. d4 cxd4 5. cxd4 Nf6 6. Nc3 g6 7. d5 Nb8 8. h3
Bg7 9. Bd3 O-O 10. O-O Nbd7 11. Be3 Nc5 12. Bc2 Nfd7 13. Bd4 Qc7 14. Bxg7 Kxg7
15. Re1 a5 16. Qd2 Ne5 17. Qd4 Kg8 18. Nh2 g5 19. Qe3 f6 20. f4 Nc4 21. Qg3 Qb6
22. Kh1 h6 23. fxg5 fxg5 24. h4 Rf7 25. hxg5 hxg5 26. Qxg5+ Rg7 27. Qc1 Qxb2
28. Qxb2 Nxb2 29. Rf1 Nbd3 30. Bxd3 Nxd3 31. Na4 b5 32. Nb6 Rb8 33. Nxc8 Rxc8
34. Nf3 Rc2 35. Nh4 Rh7 36. g3 Nf2+ 37. Kg1 Nxe4 38. Nf5 Nc3 39. Rf2 Rxf2 40.
Kxf2 Nxd5 41. Rd1 Nc3 42. Re1 Kf8 43. a3 b4 44. axb4 axb4 45. Rc1 Rf7 0-1

[Event "Open Sport & Cultura A"]
[Site "Milano ITA"]
[Date "2010.02.12"]
[Round "1"]
[White "Vezzosi, Paolo"]
[Black "Mariucci, Felice"]
[Result "1-0"]
[WhiteElo "2370"]
[BlackElo "1744"]
[PlyCount "57"]
[EventDate "2010.02.12"]

1. d4 Nf6 2. Bg5 e6 3. e4 Be7 4. Bd3 Nc6 5. Nf3 Nb4 6. Nc3 h6 7. Bh4 d6 8. O-O
Nxd3 9. Qxd3 Nd7 10. Bg3 b6 11. Rad1 a5 12. Rfe1 O-O 13. Nd2 Bb7 14. f4 Bh4 15.
e5 d5 16. f5 Bxg3 17. Qxg3 exf5 18. Rf1 c5 19. Rxf5 cxd4 20. Nb5 Nc5 21. Nxd4
Bc8 22. Rh5 Kh7 23. Rf1 Ne4 24. Nxe4 dxe4 25. Qe3 Bb7 26. Rf6 Rh8 27. Qxh6+
gxh6 28. Rfxh6+ Kg7 29. Nf5+ 1-0

[Event "Open Sport & Cultura A"]
[Site "Milano ITA"]
[Date "2010.02.13"]
[Round "2"]
[White "Alidosi, Marco"]
[Black "Travaglini, Renzo"]
[Result "1/2-1/2"]
[WhiteElo "1774"]
[BlackElo "1622"]
[PlyCount "92"]
[EventDate "2010.02.12"]

1. Nf3 Nf6 2. g3 g6 3. Bg2 Bg7 4. d3 d5 5. Nbd2 O-O 6. O-O c6 7. e4 dxe4 8.
dxe4 Bg4 9. Qe2 e6 10. h3 Bxf3 11. Nxf3 Nbd7 12. Rd1 Qc7 13. Bf4 e5 14. Bd2
Rfe8 15. Bb4 c5 16. Be1 Qc6 17. Nh2 Qc7 18. Nf1 Nf8 19. c3 Rad8 20. Ne3 Rxd1
21. Rxd1 Rd8 22. f3 Rxd1 23. Qxd1 Qd7 24. Qb3 b5 25. Bf1 c4 26. Qc2 Ne6 27. h4
Nc5 28. b3 cxb3 29. axb3 a6 30. c4 Bh6 31. Bf2 b4 32. Nd5 Nxd5 33. cxd5 Bf8 34.
Qc4 Qb5 35. Qxc5 Qxc5 36. Bxc5 Bxc5+ 37. Kg2 a5 38. Bc4 Kf8 39. f4 f6 40. Kf3
Ke7 41. fxe5 fxe5 42. g4 Kf6 43. g5+ Kg7 44. Kg4 Bd6 45. Bb5 Be7 46. Bd7 Bd6
1/2-1/2

[Event "Open Sport & Cultura A"]
[Site "Milano ITA"]
[Date "2010.02.13"]
[Round "2"]
[White "Baccarin, Stefano"]
[Black "D'Alessio, Angelo"]
[Result "0-1"]
[WhiteElo "1799"]
[BlackElo "2017"]
[PlyCount "102"]
[EventDate "2010.02.12"]

1. e4 e6 2. d4 d5 3. Nc3 Nf6 4. e5 Nfd7 5. f4 c5 6. Nf3 Nc6 7. Be3 Qb6 8. Qd2
cxd4 9. Nxd4 Bc5 10. O-O-O a5 11. Na4 Qb4 12. Nxc5 Nxc5 13. Bb5 Qxd2+ 14. Rxd2
Bd7 15. Bxc6 bxc6 16. Rf1 Ne4 17. Rdd1 O-O 18. Nb3 Rfb8 19. Nc5 Nxc5 20. Bxc5
Rb5 21. Bd6 Rc8 22. g4 g6 23. h4 c5 24. h5 Be8 25. f5 exf5 26. gxf5 Bd7 27.
fxg6 fxg6 28. Rf6 Bf5 29. e6 Rb4 30. Rxf5 gxf5 31. Rg1+ Rg4 32. Rf1 f4 33. Bxf4
Re8 34. Bd6 Rxe6 35. Bxc5 Rg2 36. Rf2 Rxf2 37. Bxf2 Rh6 38. a3 Rxh5 39. b4 Rf5
40. Bc5 axb4 41. axb4 Kf7 42. b5 Ke6 43. Bd4 h5 44. b6 Kd7 45. Kd2 h4 46. Ke2
Kc6 47. Bg1 h3 48. Ke1 Rg5 49. Kf1 Rg2 50. c3 Rc2 51. Bf2 Rc1+ 0-1

[Event "Open Sport & Cultura A"]
[Site "Milano ITA"]
[Date "2010.02.13"]
[Round "2"]
[White "Bellia, Fabrizio"]
[Black "Bonavoglia, Marco"]
[Result "1-0"]
[WhiteElo "2408"]
[BlackElo "1859"]
[PlyCount "53"]
[EventDate "2010.02.12"]

1. e4 e5 2. Nf3 d5 3. exd5 Bd6 4. d4 e4 5. Ne5 Ne7 6. Nc3 f5 7. Qh5+ g6 8. Qh6
Ng8 9. Bb5+ c6 10. dxc6 bxc6 11. Qg7 Qf6 12. Qxf6 Nxf6 13. Nxc6 Bd7 14. Ne5 Bb4
15. Nxd7 Nbxd7 16. Bd2 Ke7 17. Nxe4 Bxd2+ 18. Nxd2 Rab8 19. Bxd7 Kxd7 20. O-O-O
Rhc8 21. Nb3 Nd5 22. Nc5+ Kd8 23. c3 Rc6 24. Kc2 Rcb6 25. b3 a5 26. Rhe1 Rc6
27. Re5 1-0

[Event "Open Sport & Cultura A"]
[Site "Milano ITA"]
[Date "2010.02.13"]
[Round "2"]
[White "Bianchi, Paolo"]
[Black "Astengo, Marcello"]
[Result "0-1"]
[WhiteElo "1729"]
[BlackElo "2104"]
[PlyCount "62"]
[EventDate "2010.02.12"]

1. Nf3 d5 2. d4 c5 3. e3 Nc6 4. Be2 Nf6 5. O-O e6 6. b3 cxd4 7. Nxd4 Bd6 8. Bb2
O-O 9. Nxc6 bxc6 10. Nd2 Bb7 11. c4 Rc8 12. h3 Qe7 13. cxd5 cxd5 14. a3 a5 15.
Bd3 Rc7 16. Nf3 e5 17. Bb5 Rfc8 18. Rc1 Rxc1 19. Bxc1 Ne4 20. Bb2 f6 21. Qb1
Bxa3 22. Rc1 Rxc1+ 23. Qxc1 Bxb2 24. Qxb2 Qb4 25. Ba4 Nc5 26. Qc2 d4 27. exd4
exd4 28. Qe2 Be4 29. Bc6 d3 30. Bd5+ Kf8 31. Qd1 Bxd5 0-1

[Event "Open Sport & Cultura A"]
[Site "Milano ITA"]
[Date "2010.02.13"]
[Round "2"]
[White "Bracci, Andrea"]
[Black "Vezzosi, Paolo"]
[Result "0-1"]
[WhiteElo "1827"]
[BlackElo "2370"]
[PlyCount "108"]
[EventDate "2010.02.12"]

1. e4 c6 2. d4 d5 3. Nd2 dxe4 4. Nxe4 Bf5 5. Ng3 Bg6 6. h4 h6 7. Nf3 Nd7 8. h5
Bh7 9. Bd3 Bxd3 10. Qxd3 e6 11. Bd2 Ngf6 12. O-O-O Be7 13. Kb1 O-O 14. Ne4 Nxe4
15. Qxe4 Nf6 16. Qe2 Qd5 17. Ne5 Qe4 18. Qxe4 Nxe4 19. Be1 Rfd8 20. f3 Nf6 21.
Ba5 Rd5 22. Be1 Rad8 23. Bf2 c5 24. c4 R5d6 25. d5 exd5 26. Bxc5 Re6 27. Bxe7
Rxe7 28. f4 Kf8 29. g4 Ke8 30. g5 hxg5 31. h6 gxh6 32. Rxh6 Ng8 33. Rh8 Kf8 34.
Rxd5 Rxd5 35. cxd5 gxf4 36. Ng4 Kg7 37. Rh2 f5 38. d6 Rd7 39. Ne5 Rxd6 40. Kc2
Nf6 41. Rf2 Nd5 42. Nd3 Kf6 43. Rh2 Ne3+ 44. Kc3 Ng4 45. Rh7 f3 46. Rxb7 f2 47.
Nxf2 Nxf2 48. Rxa7 f4 49. Ra5 f3 50. Ra8 Nd1+ 51. Kb4 f2 52. Kc5 Ke5 53. Re8+
Re6 54. Rf8 Rf6 0-1

[Event "Open Sport & Cultura A"]
[Site "Milano ITA"]
[Date "2010.02.13"]
[Round "2"]
[White "Brociner, Beniamino"]
[Black "Azzolin, Lorenzo"]
[Result "1-0"]
[WhiteElo "1866"]
[BlackElo "1680"]
[PlyCount "65"]
[EventDate "2010.02.12"]

1. e4 c5 2. Nc3 d6 3. g3 Nc6 4. Bg2 Bd7 5. d3 Nf6 6. h3 g6 7. Be3 Bg7 8. Qd2 a6
9. a4 Qc7 10. Nge2 O-O-O 11. d4 Na5 12. Qd3 c4 13. Qd1 Nc6 14. Nf4 e6 15. d5
Nb4 16. a5 Rde8 17. Bb6 Qb8 18. O-O exd5 19. Nfxd5 Nbxd5 20. exd5 Bf5 21. Ra4
Kd7 22. Rxc4 Rc8 23. Rxc8 Kxc8 24. g4 Bd7 25. Qe2 Ne8 26. Qc4+ Nc7 27. Ne4 Be5
28. Qb3 f5 29. f4 fxe4 30. fxe5 dxe5 31. Bxe4 Rd8 32. Rf7 h5 33. d6 1-0

[Event "Open Sport & Cultura A"]
[Site "Milano ITA"]
[Date "2010.02.13"]
[Round "2"]
[White "Cannetta, Stefano"]
[Black "Krstic, Dragan"]
[Result "0-1"]
[WhiteElo "1616"]
[BlackElo "1768"]
[PlyCount "62"]
[EventDate "2010.02.12"]

1. e4 c5 2. c3 Nc6 3. d4 cxd4 4. cxd4 d5 5. e5 Qb6 6. Nf3 Bg4 7. Be3 Qxb2 8.
Nbd2 Qb6 9. Rb1 Qc7 10. Bb5 Bd7 11. Qb3 e6 12. O-O Nge7 13. Bd3 Rb8 14. Rfc1 g6
15. Qc2 Bg7 16. Nb3 O-O 17. Nc5 h6 18. Rb2 Rfc8 19. Qb1 Be8 20. Nxb7 a5 21. Bd2
Ra8 22. Rc5 a4 23. Ba5 Qd7 24. Rcb5 Nxa5 25. Nxa5 Qa7 26. Rb7 Qxa5 27. Rxe7 Bf8
28. Reb7 Bc6 29. Bxg6 Bxb7 30. Rxb7 Rc7 31. Rb5 Qxb5 0-1

[Event "Open Sport & Cultura A"]
[Site "Milano ITA"]
[Date "2010.02.13"]
[Round "2"]
[White "Cerioni, Armando"]
[Black "D'Urbino, Ilan"]
[Result "1/2-1/2"]
[WhiteElo "1988"]
[BlackElo "1742"]
[PlyCount "50"]
[EventDate "2010.02.12"]

1. c4 g6 2. Nc3 Bg7 3. g3 Nf6 4. Bg2 O-O 5. d3 d6 6. Rb1 c5 7. a3 Nc6 8. b4 a5
9. bxc5 Nd7 10. Na4 Nxc5 11. Nb6 Ra6 12. Nxc8 Qxc8 13. Nf3 a4 14. O-O Qc7 15.
Bb2 Bxb2 16. Rxb2 Rb6 17. Qb1 Rxb2 18. Qxb2 Nb3 19. Nd2 Ncd4 20. e3 Nxd2 21.
Qxd2 Nb3 22. Qb4 Qd7 23. Qxb7 Qxb7 24. Bxb7 Nc5 25. Bg2 Nxd3 1/2-1/2

[Event "Open Sport & Cultura A"]
[Site "Milano ITA"]
[Date "2010.02.13"]
[Round "2"]
[White "Colombo, Luca"]
[Black "Sanchez, Joseph"]
[Result "0-1"]
[WhiteElo "1874"]
[BlackElo "2490"]
[PlyCount "92"]
[EventDate "2010.02.12"]

1. e4 d5 2. exd5 Nf6 3. Nf3 Nxd5 4. d4 Bg4 5. Be2 c6 6. O-O e6 7. c4 Nf6 8. Nc3
Be7 9. h3 Bf5 10. g4 Bg6 11. Ne5 Nfd7 12. Nxg6 hxg6 13. Kg2 Qc7 14. f4 Na6 15.
Bf3 O-O 16. Qc2 Rac8 17. Qf2 Bd6 18. Be2 Rfe8 19. f5 gxf5 20. gxf5 e5 21. c5
Be7 22. Bxa6 bxa6 23. Ne4 exd4 24. Qxd4 Nf6 25. Bf4 Qb7 26. Nd6 Bxd6 27. Bxd6
Re4 28. Qd2 Rce8 29. Rf2 Nd5 30. Rg1 Re3 31. Kh2 Qb4 32. Qxb4 Nxb4 33. a3 Nd5
34. Rfg2 Re2 35. b4 f6 36. Kh1 Rxg2 37. Rxg2 Kf7 38. Kh2 Re1 39. Bb8 Rf1 40.
Rd2 Rxf5 41. Rd3 g5 42. Kg3 Rf1 43. Bxa7 Ke6 44. Bb8 f5 45. Rd2 f4+ 46. Kg4
Nf6+ 0-1

[Event "Open Sport & Cultura A"]
[Site "Milano ITA"]
[Date "2010.02.13"]
[Round "2"]
[White "Curtacci, Sergio"]
[Black "Stanzani, Maurizio"]
[Result "1-0"]
[WhiteElo "1974"]
[BlackElo "1657"]
[PlyCount "61"]
[EventDate "2010.02.12"]

1. d4 g6 2. Nf3 Bg7 3. Nbd2 d6 4. e4 Bg4 5. h3 Bxf3 6. Nxf3 Nc6 7. c3 a6 8. Bd3
e5 9. d5 Nce7 10. O-O h6 11. Qc2 g5 12. Nh2 Ng6 13. g3 Qd7 14. Kg2 Nf6 15. Be2
Nf4+ 16. gxf4 gxf4 17. Ng4 h5 18. Nxf6+ Bxf6 19. Bd2 Bh4 20. Kh2 O-O-O 21. Qd1
f5 22. Bxh5 Rdg8 23. exf5 Qb5 24. Bf3 Qb6 25. Qe2 c6 26. b4 Qd8 27. Rg1 Bg3+
28. fxg3 fxg3+ 29. Kg2 Rxh3 30. Kxh3 g2 31. Rxg2 1-0

[Event "Open Sport & Cultura A"]
[Site "Milano ITA"]
[Date "2010.02.13"]
[Round "2"]
[White "De Francisci, Lorenzo"]
[Black "Attuati, Stefano"]
[Result "0-1"]
[WhiteElo "1709"]
[BlackElo "1812"]
[PlyCount "70"]
[EventDate "2010.02.12"]

1. e4 e6 2. d4 d5 3. exd5 exd5 4. Bd3 Nf6 5. Bg5 Be7 6. Nf3 Bg4 7. O-O O-O 8.
Re1 c5 9. dxc5 Bxc5 10. c3 Qb6 11. Qc2 Ne4 12. Be3 Bxf3 13. gxf3 Bxe3 14. Rxe3
Nf6 15. Qe2 Nh5 16. Qc2 Qh6 17. Re5 Nf4 18. Bf1 Nc6 19. Re1 Qg5+ 20. Kh1 d4 21.
Qe4 f5 22. Qc2 d3 23. Qb3+ Kh8 24. Qxb7 Rfc8 25. Nd2 Rab8 26. Qf7 Rf8 27. Qd7
Rxb2 28. Rad1 Nb8 29. Qd6 Rd8 30. Qe5 h6 31. c4 Nc6 32. Qxb2 Nd4 33. Bh3 Nxh3
34. Rf1 Ne2 35. Qe5 Nef4 0-1

[Event "Open Sport & Cultura A"]
[Site "Milano ITA"]
[Date "2010.02.13"]
[Round "2"]
[White "Gussoni, Paolo"]
[Black "Illyuviev, Oleg"]
[Result "0-1"]
[WhiteElo "1626"]
[BlackElo "1974"]
[PlyCount "92"]
[EventDate "2010.02.12"]

1. d4 d5 2. Bf4 Nf6 3. e3 Bg4 4. Nf3 e6 5. Nbd2 Bd6 6. Bg5 c5 7. c3 h6 8. Bh4
Bf5 9. Qa4+ Nc6 10. Ne5 Qc7 11. Ndf3 O-O 12. Bxf6 gxf6 13. Nxc6 bxc6 14. dxc5
Bxc5 15. Qh4 Kg7 16. Qg3+ Qxg3 17. hxg3 a5 18. Nd4 Bxd4 19. cxd4 Rfb8 20. b3 a4
21. bxa4 Rxa4 22. Be2 Rb2 23. g4 Be4 24. f3 Ra3 25. fxe4 Rxe3 26. exd5 Rexe2+
27. Kd1 cxd5 28. a4 Ra2 29. Rxa2 Rxa2 30. Rh3 Rxa4 31. Rd3 Ra2 32. g3 Kg6 33.
Rf3 Ra4 34. Rd3 Kg5 35. Ke2 Kxg4 36. Kf2 h5 37. Kg2 f5 38. Kf2 Ra2+ 39. Kg1 h4
40. gxh4 Kxh4 41. Rd1 Kg4 42. Re1 f4 43. Kf1 Kg3 44. Rd1 f3 45. Ke1 Re2+ 46.
Kf1 Rh2 0-1

[Event "Open Sport & Cultura A"]
[Site "Milano ITA"]
[Date "2010.02.13"]
[Round "2"]
[White "Kimbin, Richard Conrod"]
[Black "Calabrese, Maurizio"]
[Result "1-0"]
[WhiteElo "1934"]
[BlackElo "1539"]
[PlyCount "79"]
[EventDate "2010.02.12"]

1. e4 e6 2. Nf3 d5 3. Nc3 Bb4 4. exd5 exd5 5. d4 Bg4 6. Be2 Ne7 7. O-O Nd7 8.
a3 Bd6 9. Nb5 Nf5 10. Bd3 O-O 11. h3 Bxf3 12. Qxf3 Nh4 13. Qxd5 Nc5 14. Bxh7+
Kxh7 15. Qh5+ Kg8 16. dxc5 Be7 17. Rd1 Qe8 18. Nxc7 Qc6 19. Nd5 Bd8 20. Bg5 Qg6
21. Qxg6 Nxg6 22. Bxd8 Rfxd8 23. f4 Rac8 24. b4 b6 25. f5 Rxd5 26. Rxd5 Nf4 27.
Re5 f6 28. Re4 Nd5 29. c4 Nc3 30. Re3 Na4 31. cxb6 axb6 32. Rc1 b5 33. c5 Rc7
34. Rd1 Kh7 35. Rd8 Kh6 36. Rb8 Kg5 37. Rxb5 Kxf5 38. c6+ Kf4 39. Kf2 Rxc6 40.
g3# 1-0

[Event "Open Sport & Cultura A"]
[Site "Milano ITA"]
[Date "2010.02.13"]
[Round "2"]
[White "Mariucci, Felice"]
[Black "Madaschi, Sergio"]
[Result "1-0"]
[WhiteElo "1744"]
[BlackElo "1587"]
[PlyCount "73"]
[EventDate "2010.02.12"]

1. Nf3 Nf6 2. e3 e6 3. b3 d5 4. Bb2 Nbd7 5. Be2 Bd6 6. d3 O-O 7. Nbd2 b6 8. O-O
Bb7 9. c4 c5 10. cxd5 exd5 11. Re1 Re8 12. Nf1 Qc7 13. Rc1 Rac8 14. Qc2 Qb8 15.
Qb1 a6 16. Qa1 b5 17. Rc2 Rc7 18. Rec1 Rec8 19. Nh4 Rc6 20. Nf5 Bf8 21. Bf3 Re6
22. h4 g6 23. N5g3 h5 24. Ne2 Bd6 25. Nd2 Ne5 26. a4 Nxf3+ 27. Nxf3 Nd7 28.
axb5 axb5 29. Qa5 Bc6 30. Ng5 Bc7 31. Qd2 Ree8 32. f4 f6 33. Nf3 Kf7 34. Ra1
Qb6 35. Bc1 Bb7 36. Bb2 Ra8 37. Rcc1 1-0

[Event "Open Sport & Cultura A"]
[Site "Milano ITA"]
[Date "2010.02.13"]
[Round "2"]
[White "Martelli, Tommaso"]
[Black "Penna, Tommaso"]
[Result "1-0"]
[WhiteElo "1900"]
[BlackElo "1707"]
[PlyCount "51"]
[EventDate "2010.02.12"]

1. e4 Nf6 2. Nc3 d5 3. e5 Nfd7 4. d4 c5 5. Nf3 e6 6. Ne2 Nc6 7. c3 Qb6 8. g3
Be7 9. Bg2 O-O 10. O-O cxd4 11. cxd4 f6 12. Nf4 fxe5 13. Nxe6 Rf6 14. Nfg5 e4
15. Qh5 h6 16. Nxe4 dxe4 17. d5 Nf8 18. Be3 Qxb2 19. Nxf8 Rf5 20. Qd1 Bxf8 21.
dxc6 Bc5 22. Qd8+ Bf8 23. Bxe4 Rh5 24. Bd5+ Rxd5 25. Qxd5+ Kh8 26. Rab1 1-0